000
00344nam a2200157Ia 4500
008
100122s9999 xx 000 0 und d
082
_b
900
_a
940
100
_a
EDGER JOHN G.
245
_a
HISTORY FOR BOYS
250
_a
0
260
_c
1937
300
_a
425
630
_a
HISTORY FOR BOYS
730
_a
HISTORY FOR BOYS
942
_c
BOOK
999
_c
394808
_d
394805